00430nam a22001457a 4500020001500000082001500015100001600030245002700046260003800073300000800111650001400119942000700133952012700140999001700267 a8171100333 a340.58 JOS aJoshi, K.L. aDaya-Bhaga & Mitaksara aDelhibParimal Publicationsc2005 a462 aHindu Law cBK 00104070aHMIbHMId2016-03-10ekohinoor Book pub.g600.00l1o340.58 JOSp25048r2018-06-26s2018-06-26w2026-01-16yBK c19969d19969